Sociological essays: ideologems, theories, concepts, ways of formation of bases of social and explosive type of activity of Russians. Vol. 8 (Запись № 11354939)

Подробности
000 -МАРКЕР
контрольное поле 01561nam2a2200289 4500
001 - ИДЕНТИФИКАТОР ЗАПИСИ
контрольное поле RU\NLR\BIBL_A\011694197
005 - ИДЕНТИФИКАТОР ВЕРСИИ
контрольное поле 20180523162143.0
010 ## - МЕЖДУНАРОДНЫЙ СТАНДАРТНЫЙ НОМЕР КНИГИ (ISBN)
Номер (ISBN) 978-5-6040398-8-5
021 ## - НОМЕР ГОСУДАРСТВЕННОЙ РЕГИСТРАЦИИ
Код страны Российская Федерация
Номер КН-П-18-022233
Номер Листа государственной регистраци КН-П-18-1619
035 ## - ДРУГИЕ СИСТЕМНЫЕ НОМЕРА
Идентификатор записи (NLR Aleph) 011694197
035 ## - ДРУГИЕ СИСТЕМНЫЕ НОМЕРА
Идентификатор записи (RuMoRGB)009584378
100 ## - ДАННЫЕ ОБЩЕЙ ОБРАБОТКИ
Данные общей обработки 20180507d2018 k y0rusy50 ca
101 0# - ЯЗЫК РЕСУРСА
Язык текста, звукозаписи и т.д. английский
102 ## - СТРАНА ПУБЛИКАЦИИ ИЛИ ПРОИЗВОДСТВА
Страна публикации Российская Федерация
105 ## - ПОЛЕ КОДИРОВАННЫХ ДАННЫХ: ТЕКСТОВЫЕ МАТЕРИАЛЫ, МОНОГРАФИЧЕСКИЕ
Кодированные данные о монографическом текстовом документе y z 000zy
200 0# - ЗАГЛАВИЕ И СВЕДЕНИЯ ОБ ОТВЕТСТВЕННОСТИ
Основное заглавие Vol. 8
Сведения, относящиеся к заглавию monograph
210 ## - ПУБЛИКАЦИЯ, РАСПРОСТРАНЕНИЕ И ДР.
Место издания, распространения и т.д. Krasnoyarsk
Имя издателя, распространителя и т. д. Letter print
Дата издания, распространения и т.д. 2018
215 ## - ФИЗИЧЕСКАЯ ХАРАКТЕРИСТИКА
Специфическое обозначение материала и объем 316, [1] c.
300 ## - ОБЩИЕ ПРИМЕЧАНИЯ
Текст примечания Общ. загл. т. 8: Sociological essay: "forsayt-determinants - "Components motivational and activity sphere readiness of experts sports profile to creation of competitive advantages"
320 ## - ПРИМЕЧАНИЯ О НАЛИЧИИ В ДОКУМЕНТЕ БИБЛИОГРАФИИ / УКАЗАТЕЛЯ
Текст примечания Список соч. авт.: с. 306-315
461 #0 - УРОВЕНЬ НАБОРА
Встроенное поле 001RU\NLR\BIBL_A\010957345
-- 2001#$aSociological essays: ideologems, theories, concepts, ways of formation of bases of social and explosive type of activity of Russians$fI. V. Koval$vVol. 8
-- 700#1$aKoval'$bI. V.$gIvan Vasil'evič
Системный номер (АБИС) связанной записи 10791991
Автор Koval', I. V.
Место публикации Krasnoyarsk
Дата публикации 2015
Первые сведения об ответственности I. V. Koval
Имя издателя, распространителя и т.д. Publishing department of KGPU
Заглавие Sociological essays: ideologems, theories, concepts, ways of formation of bases of social and explosive type of activity of Russians
Номер тома Vol. 8
517 1# - ДРУГИЕ ВАРИАНТЫ ЗАГЛАВИЯ
Вариант заглавия Sociological essay: "forsayt-determinants - "Components motivational and activity sphere readiness of experts sports profile to creation of competitive advantages"
942 ## - ДОПОЛНИТЕЛЬНЫЕ ЭЛЕМЕНТЫ ЗАПИСИ (АБИС)
Тип экземпляра АБИС Книга
980 ## - КОЛЛЕКЦИЯ
Название коллекции Национальная библиография
Экземпляры
Тип экземпляра Дата поступления Источник поступления Библиотека постоянного хранения Библиотека текущего хранения Место хранения Шифр хранения Штрих-код Статус экземпляра
Книга 07.05.2018 Обязательный экземпляр РНБ (Московский) РНБ (Московский) Иностранный книжный фонд Ик 2016-3/1 1-2278207